000 00336 a2200133 4500
005 20250513100702.0
020 _a0 780367 518295
082 _a370.1
245 _aEthics in Professional Education
260 _aLondon,
_bRoutledge,
_c2020.
300 _aix, 120p.
_c24cm.
700 _aMartin C & Ruitenberg, Claudia W.
942 _2ddc
_cBKS
999 _c2245
_d2245